Political Theory (Record no. 4291)

000 -LEADER
fixed length control field 00379nam a2200157Ia 4500
008 - FIXED-LENGTH DATA ELEMENTS--GENERAL INFORMATION
fixed length control field 190328s9999||||xx |||||||||||||| ||und||
020 ## - INTERNATIONAL STANDARD BOOK NUMBER
International Standard Book Number 9788121903462
082 ## - DEWEY DECIMAL CLASSIFICATION NUMBER
Classification number 320
Item number ASI/P
100 ## - MAIN ENTRY--PERSONAL NAME
Personal name Asirvatham, Eddy
245 #0 - TITLE STATEMENT
Title Political Theory
260 ## - PUBLICATION, DISTRIBUTION, ETC.
Place of publication, distribution, etc. New Delhi
Name of publisher, distributor, etc. S. Chand & Co.
Date of publication, distribution, etc. 2016
300 ## - PHYSICAL DESCRIPTION
Extent 845
650 ## - SUBJECT ADDED ENTRY--TOPICAL TERM
Topical term or geographic name entry element Political Science
700 ## - ADDED ENTRY--PERSONAL NAME
Personal name K. K. Mishra
942 ## - ADDED ENTRY ELEMENTS (KOHA)
Koha item type Book

No items available.

All Rights Reserved@MUIT

Powered by Koha